| Поле | Название | Значение |
| |
Тип записи |
a |
| |
Библиографический уровень |
m |
| 001 |
Контрольный номер |
a80be8f6d37e4620bceafa2119971f1e |
| 005 |
Дата корректировки |
20250905094634.1 |
| 010 |
Индекс ISBN |
__ |
| a |
ISBN |
978-5-353-07704-6 |
| b |
Уточнения |
в пер. |
| 100 |
Данные общей обработки |
__ |
| a |
Данные общей обработки |
20250715d 0rusy0189## ca |
| 101 |
Язык документа |
0_ |
| a |
Язык текста |
rus |
| 102 |
Страна публикации |
__ |
| a |
Страна публикации |
RU |
| 200 |
Заглавие и сведения об ответственности |
1_ |
| a |
Заглавие |
Тетрадки под дождём |
| f |
Первые сведения об ответственности |
В. В. Голявкин |
| e |
Сведения, относящиеся к заглавию |
рассказы |
| e |
Сведения, относящиеся к заглавию |
[для младшего школьного возраста] |
| g |
Последующие сведения об ответственности |
худож. Е. Кузнецова |
| 210 |
Выходные данные |
1_ |
| a |
Место издания |
Москва |
| c |
Издательство |
РОСМЭН |
| d |
Дата издания |
2024 |
| 215 |
Физическое описание |
__ |
| a |
Объем |
124, [4] с. |
| c |
Иллюстрации/тип воспроизводства |
цв. ил. |
| 225 |
Серия |
2_ |
| a |
Серия |
Внеклассное чтение |
| 300 |
Общие примечания |
__ |
| a |
Общие примечания |
Содер.: Яандреев ; Как я встречал Новый год ; Совесть ; Две шапки ; Секрет и др. |
| 300 |
Общие примечания |
__ |
| a |
Общие примечания |
Произведения печатаются без сокращений |
| 333 |
Примечание о целевом назначении |
__ |
| a |
Примечание о целевом назначении |
0+ |
| 517 |
Другие варианты заглавия |
1_ |
| a |
Другие варианты заглавия |
Тетрадки под дождем |
| 606 |
Тематические рубрики |
0_ |
| a |
Основная рубрика |
Русская детская литература, 20 в. |
| 610 |
Ключевые слова |
0_ |
| a |
Ключевые слова |
рассказы для детей; дети (х. л.); детские проделки (х. л.); семья (х. л.); школа (х. л.); школьники (х. л.); Новый год (х. л.); весёлые истории |
| 686 |
Индексы других классификаций |
__ |
| a |
Классификационный индекс |
Р2 |
| 700 |
Автор |
_1 |
| a |
Фамилия |
Голявкин |
| b |
Имя (инициалы) |
В. В. |
| g |
Полное личное имя |
Виктор Владимирович |
| 801 |
Источник записи |
_0 |
| a |
Страна |
RU |
| b |
Организация |
УОБДЮ |
| c |
Дата составления |
20250715 |
| g |
Правила каталогизации |
RCR |
| 801 |
Источник записи |
_1 |
| a |
Страна |
RU |
| b |
Организация |
УОБДЮ |
| c |
Дата составления |
20250715 |
| g |
Правила каталогизации |
RCR |
| 830 |
Общее примечание каталогизатора |
__ |
| a |
Текст примечания |
Д |
| 852 |
Данные о местонахождении |
__ |
| i |
Авторский знак |
Г 63 |
| j |
Шифр хранения |
Р2 |
| 900 |
Электронные ресурсы |
__ |
| a |
Имя электронного ресурса |
591476 |
| 901 |
Тип документа |
__ |
| t |
Тип документа |
m |
| 902 |
Оглавление книги |
__ |
| a |
Оглавление книги, выполненное каталогизатором |
Яандреев |
| a |
Оглавление книги, выполненное каталогизатором |
Как я встречал Новый год |
| a |
Оглавление книги, выполненное каталогизатором |
Совесть |
| a |
Оглавление книги, выполненное каталогизатором |
Две шапки |
| a |
Оглавление книги, выполненное каталогизатором |
Секрет |
| 905 |
Данные по созданию БЗ |
__ |
| b |
Логин пользователя, который создал БЗ |
imm |
| b |
Логин пользователя, который создал БЗ |
o8 |
| a |
Дата создания БЗ |
202509 |
| 909 |
Создатель записи |
__ |
| b |
Дата создания записи |
20250715 |